000 00747nam a2200265Ia 4500
001 16185
003 GE_BSU
008 181216s||||||||xx |||||||||||||| ||und||
020 _a9780521012621
020 _cBibliogr.p.547-561
040 _cGE_BSU
080 _a327.2
100 _aGillingham, John
245 _aEuropean Union Politics,1950-2003:Superstate or New Market Economy
260 _aNew York
260 _bCambridge university press
260 _c2003
300 _a588p.24cm.
541 _h63Gel.
653 _aEuropean Union Politics,1950-2003
653 _aSuperstate or New Market Economy
653 _aევროკავშირის პოლიტიკა
653 _aპოლიტიკა
942 _cBK
999 _c49270
_d49270